Arcade horror games - Statistics

General Stats
  • This quiz has been taken 11 times
    8 since last reset
  • The average score is 4 of 7
Answer Stats
Year type Game % Correct
1986 Light gun Chiller
83%
1989 Beat 'em up Splatterhouse
83%
1985 Run-and-gun Ghosts n' Goblins
50%
1988 Run-and-gun Ghouls n' Ghosts
50%
1995 Light gun shooter Zombie Raid
50%
1988 Platformer Haunted Castle
33%
1993 Beat 'em up Night Slashers
33%
No matching quizzes found
Score Distribution
Percent of People with Each Score
Percentile by Number Answered
Your Score History
You have not taken this quiz since the last reset